000 00264nam a22001097a 4500
008 170126b xxu||||| |||| 00| 0 eng d
020 _a9780073039862
041 _aeng
080 _23RD
_a61
245 _aCLASSIC CASIS IN MEDICAL ETHICS
_cPENCE, G.E
942 _2udc
_cBK
999 _c3768
_d3768